00648nam a22002057a 4500003000400000005001700004008004100021020001800062040002900080050002600109100002300135245007200158250001200230300001000242650001800252700002600270942001500296952011400311999001700425OSt20230803113501.0230803b |||||||| |||| 00| 0 eng d a9781437707502 cChuka university library aSBL RT 81.5bB87 2011 aBurns,Nancy911185 aUnderstanding nursing research:building an evidence based practice  a5th ed. a574p. aNursing98975 aGrove, Susan K910369 2lcccBKn0 00102lcc4070aCHKbCHKd2023-08-03l0oRT 81.5 B87 2011p8799/2012r2023-08-03 00:00:00t2w2023-08-03yBK c14900d14900